| 000 | 00424nam a2200181Ia 4500 | ||
|---|---|---|---|
| 001 | 10199 | ||
| 005 | 20260306161814.0 | ||
| 008 | 260306t2007||||xx |||||||||||||| ||spa|| | ||
| 041 | _aESP | ||
| 082 |
_a909 _bH59 2007 |
||
| 100 |
_aArregui, María Ángeles _eAUT |
||
| 245 | 0 | _aHistoria universal | |
| 260 | _c2007 | ||
| 300 |
_a1216 páginas : _c26 cm. |
||
| 650 | _aGEN | ||
| 654 | _aCHU | ||
| 942 |
_cLIB _dJUS _fJUS _2ddc _n |
||
| 999 |
_c10199 _d10199 |
||